Factos incríveis (Registo nº 4432)
[ vista simples ]
| 000 -Etiqueta do registo | |
|---|---|
| Cabeçalho | 00735nam a2200253 4500 |
| 005 - Identificador da versão | |
| Campo de controlo | 20240813122101.0 |
| 010 ## - Número internacional normalizado dos livros (ISBN) | |
| Número (ISBN) | 9722614207 |
| 035 ## - Other System Control Numbers | |
| System Control Number | cmtdl002.iso/06-01-2012/21713 |
| System Control Number | 2431969 |
| 100 ## - Dados gerais de processamento | |
| Dados gerais de processamento | 20100325d1997 d y0pory5003 ba |
| 102 ## - Pais de publicação ou produção | |
| País de publicação | Portugal |
| 101 1# - Língua de publicação | |
| Língua do texto, banda sonora, etc. | Português |
| Língua do documento no original | Inglês |
| 215 ## - Descrição física | |
| Indicação específica da natureza do documento e extensão da espécie | 44 p. |
| Outras indicações físicas | il. |
| Dimensões | 29 cm |
| 200 1# - Titulo e menção de responsabilidade | |
| Título próprio | Factos incríveis |
| Primeira menção de responsabilidade | Ned Halley |
| Outras menções de responsabilidade | trad. Florbela Pereira Lopes |
| 210 ## - Publicação, Distribuição, etc. | |
| Lugar da edição, distribuição, etc. | [Porto] |
| Nome do editor, distribuidor, etc. | Civilização |
| Data da publicação, distribuição, etc. | imp. 1997 |
| 300 ## - Notas gerais | |
| Texto da nota | Livro recomendado pelo Plano Nacional de Leitura |
| 304 ## - Notas relativas a título e menção de responsabilidade | |
| Texto da nota | Tít. orig.: Amazing facts |
| 675 ## - Classificação Decimal Universal (CDU) | |
| Notação | 001 |
| Edição | BN |
| Língua da edição | por |
| 702 #1 - Nome de autor-pessoa física (responsabilidade secundária) | |
| Número de registo de entrada de autoridade | 0001261 |
| Palavra de ordem | Lopes |
| Outra parte do nome não tomada para palavra de ordem | Florbela Pereira |
| Código de função | Tradutor |
| 700 #1 - Nome de autor-pessoa física (responsabilidade principal) | |
| Número de registo de entrada de autoridade | 0001260 |
| Palavra de ordem | Halley |
| Outra parte do nome não tomada para palavra de ordem | Ned |
| 942 ## - Elementos de entrada adicionados (Koha) | |
| Tipo de item no Koha | Livro |
| Situação do levantamento | Origin of item (home branch) (coded) | Biblioteca de empréstimo | Código de barras | Cota | Circulation type (not for loan) | Tipo de documento | Nota do exemplar | Damaged status |
|---|---|---|---|---|---|---|---|---|
| Biblioteca Escolar das Vendas | Biblioteca Escolar das Vendas | BEV1079/05 | 1997 | 0 HAL | Livro | Sem mensagem |
